| 000 | 01357nam a2200301 i 4500 | ||
|---|---|---|---|
| 001 | 000032833 | ||
| 003 | DO-SdBNP | ||
| 005 | 20240422101417.0 | ||
| 007 | ta | ||
| 008 | 110329s1973 dr ac r 000 0 spa d | ||
| 040 |
_aDO-SdBNP _bspa _cBNPHU _erda |
||
| 082 | 4 |
_a972.9305 _bD637h, 1973 _222 |
|
| 245 | 0 | 0 |
_aDocumentos históricos que se refieren a la intervención armada de los Estados Unidos de Norteamérica y la implantación de un gobierno militar americano en la República Dominicana / _crecopilado por, Antonio Hoepelman y Juan A. Senior. |
| 264 |
_aSanto Domingo : _bEducativa, _c1973. |
||
| 300 |
_a322 páginas : _bilustraciones, retratos; _c24 cm. |
||
| 336 |
_2rdacontent _atexto _btxt |
||
| 337 |
_2rdamedia _asin mediación _bn |
||
| 338 |
_2rdacarrier _avolumen _bnc |
||
| 533 |
_aFacsímil _bSanto Domingo _cImprenta de J.R. vda. García _d1922. _nsegunda edición |
||
| 590 | _aInventariado, 2018/VM | ||
| 650 | 4 |
_aEstados unidos _xRelaciones exteriores _zRepública Dominicana _944925 |
|
| 651 | 0 |
_aRepública Dominicana -- _xHistoria -- _yOcupación norteamericana, 1916-1924 _91926 |
|
| 651 | 4 |
_aRepública Dominicana _xRelaciones exteriores _zEstados Unidos _96308 |
|
| 700 | 1 |
_aHoepelman, Antonio, _ecompilador _935971 |
|
| 700 | 1 |
_aSenior, Juan A., _ecompilador _954125 |
|
| 910 | _aValidado. Control de calidad. EMS | ||
| 942 |
_2ddc _cLBS1 |
||
| 999 |
_c32324 _d32324 |
||